Datum a čas kvízu
24.5
Celkem bodů
Celkový počet nahraných bodů na tomto kvízu bez doplňovacích otázek.
5.
Pořadí na kvízu
Konečné umístění týmu na tomto kvízu.
Zaznamenané odpovědi
| # | Otázka | Odpověď | Body | Výsledky |
|---|---|---|---|---|
| 1. | U jednoho nově otevřeného obch... | pro ženy | 1 | |
| 2. | Britský královský pár minulou... | Řím | 0 | |
| 3. | Minulý týden byl představen tr... | Mission Impossible; Poslední zúčtování/ The Final Reckoning | 0 | |
| 4. | Ve středu jsme se dozvěděli, ž... | MARS (4×4) | 0 | |
| 5. | Obhajoba titulu v Lize mistrů... | Arsenal FC, 0:3 | 1 | |
| 6. | Termín Velikonoc, tedy neděle... | v Turecku | 1 | |
| 7. | S Velikonocemi je spojena řada... | o holubici | 1 | |
| 8. | Velký pátek je v České republi... | 2016 (2015–2017) | 0 | |
| 9. | Jak se jmenuje pohanský svátek... | D | 1 | |
| 10. | Australané nejsou vzhledem k t... | bandikut (králíkovitý) | 0 |